[Event "Open"]
[Site "Cannes FRA"]
[Date "2000.02.26"]
[Round "7"]
[White "Lukasiewicz,G"]
[Black "Jean,O"]
[Result "1-0"]
[WhiteElo "2348"]
[BlackElo "2241"]

1.d4 Nf6 2.Bg5 Ne4 3.Bf4 d5 4.e3 c5 5.dxc5 Nc6 6.Nf3 f6 7.Nfd2 e5 8.Nxe4 dxe4
9.Qxd8+ Nxd8 10.Bg3 Bxc5 11.Nd2 Bf5 12.Bc4 Nf7 13.Bd5 Nd6 14.c3 a5 15.a4 Rc8
16.Ke2 Ke7 17.f3 exf3+ 18.gxf3 Be6 19.Bxe6 Kxe6 20.e4 g5 21.Bf2 Bxf2 22.Kxf2 h5
23.Rhd1 Rc7 24.Nf1 g4 25.Ne3 Nf7 26.Nd5 Rc6 27.f4 f5 28.exf5+ Kxf5 29.Ne7+ Kxf4
30.Nxc6 bxc6 31.b4 h4 32.Ke2 Ng5 33.Rd6 axb4 34.cxb4 Nf3 35.Rf6+ Ke4 36.h3 Nd4+
37.Kf2 g3+ 38.Kg2 Nc2 39.Rc1 Nxb4 40.Rc4+  1-0

[Event "Oz.com qualifier blitz"]
[Site "Internet ICC"]
[Date "2000.03.05"]
[Round "2"]
[White "Lakdawala,C"]
[Black "Pixton,A"]
[Result "1-0"]
[WhiteElo "2441"]
[BlackElo "2181"]

1.d4 Nf6 2.Bg5 Ne4 3.Bf4 d5 4.f3 Nf6 5.e4 e6 6.e5 Nfd7 7.Be3 c5 8.c3 Nc6
9.f4 Qb6 10.Qd2 a5 11.Nf3 a4 12.Be2 cxd4 13.cxd4 Bb4 14.Nc3 a3 15.b3 O-O
16.Rc1 Re8 17.O-O Nf8 18.Bd3 Bd7 19.Qf2 Rac8 20.Na4 Qa5 21.Nc5 Bxc5 22.Rxc5 Qb6
23.Rfc1 Ne7 24.g4 Qa7 25.Qd2 b6 26.Rxc8 Rxc8 27.Rxc8 Bxc8 28.Qb4 Nc6 29.Qd6 Ba6
30.Bb1 Bb5 31.Bc1 Qe7 32.Qxe7 Nxe7 33.Bxa3 Nc6 34.Kf2 Ng6 35.Bc1 Kf8 36.f5 exf5
37.gxf5 Nge7 38.Ke3 g6 39.f6 Nf5+ 40.Bxf5 gxf5 41.Bd2 Bf1 42.a4 Bg2 43.Bc3 Bf1
44.Nh4 Bh3 45.b4 Ke8 46.b5 Nd8 47.a5 Ne6 48.axb6 Kd7 49.Nf3 Bf1 50.Nh4 Bh3
51.Bb4 Kc8 52.Bc5 Kb7 53.Kf3 Ng5+ 54.Kf4 Ne6+ 55.Kg3 Ng5 56.Nf3 Nxf3 57.Kxf3 h6
58.e6 Bg4+ 59.Kf4  1-0

[Event "Oz.com qualifier blitz"]
[Site "Internet ICC"]
[Date "2000.03.05"]
[Round "3"]
[White "Rey,G"]
[Black "Thorsteinsson,E"]
[Result "1-0"]
[WhiteElo "2359"]
[BlackElo "2160"]

1.d4 Nf6 2.Bg5 Ne4 3.Bf4 d5 4.e3 c6 5.Bd3 Nd7 6.Ne2 Ndf6 7.O-O Qb6 8.b3 a5
9.f3 Nd6 10.c4 dxc4 11.bxc4 c5 12.Nbc3 cxd4 13.exd4 Nf5 14.c5 Qd8 15.Nb5 Nd5
16.Be4 e6 17.Bxd5 exd5 18.Nc7+ Kd7 19.Nxa8 Qf6 20.Be5 Qg6 21.Nb6+ Kd8 22.Nf4 Qg5
23.Qd2 Be7 24.Nbxd5 Nh4 25.Nxe7 Qxe7 26.Rae1 f6 27.Bd6 Qd7 28.Qxa5+ b6 29.Qxb6+  1-0

[Event "Oz.com qualifier blitz"]
[Site "Internet ICC"]
[Date "2000.03.05"]
[Round "3"]
[White "Pizarro,P"]
[Black "Van de Mortel,J"]
[Result "0-1"]
[WhiteElo "2164"]
[BlackElo "2403"]

1.d4 Nf6 2.Bg5 Ne4 3.h4 d5 4.Nd2 Nxg5 5.hxg5 g6 6.f4 Bg7 7.c3 c5 8.e3 Qb6
9.Qb3 c4 10.Qxb6 axb6 11.a3 b5 12.Ngf3 Nc6 13.Rc1 f6 14.gxf6 exf6 15.Kf2 Bf8
16.g3 Kf7 17.Bg2 Be6 18.Nh4 f5 19.Rh2 h6 20.Nhf3 Bg7 21.Rch1 Rad8 22.Bf1 Kf6
23.Ne5 g5 24.Be2 g4 25.Bd1 Ne7 26.Bc2 Bf7 27.Nxf7 Kxf7 28.Rh5 Kf6 29.Ke2 Ra8
30.Nb1 Kg6 31.Kf2 Ra6 32.R1h2 Rf6 33.Nd2 Kf7 34.Nf1 Ke6 35.Nd2 Nc8 36.Rh1 Nd6
37.Ra1 Ra8 38.Rhh1 Rff8 39.Ke2 Kf6 40.Rh5 Kg6 41.Rah1 Rfe8 42.Kf2 b4 43.axb4 Ra2
44.R5h4 Rxb2 45.Rc1 h5 46.Nf1 Bf6 47.Rh2 Ra8 48.Ke1 Raa2 49.Rd2 Nb5 50.Bb1 Rxd2
51.Nxd2 Ra3 52.Nf1 Nxc3 53.Bc2 Nb5 54.Ke2 Ra2 55.Ke1 Be7 56.Bb1 Bxb4+ 57.Kd1 Rb2  0-1

[Event "Oz.com qualifier blitz"]
[Site "Internet ICC"]
[Date "2000.03.05"]
[Round "8"]
[White "Pizarro,P"]
[Black "Mikhalevski,V"]
[Result "0-1"]
[WhiteElo "2164"]
[BlackElo "2499"]

1.d4 Nf6 2.Bg5 Ne4 3.h4 d5 4.Nd2 c5 5.dxc5 Nxc5 6.e3 f6 7.Bf4 e5 8.Bg3 Nc6
9.c4 d4 10.exd4 Nxd4 11.Ngf3 Bg4 12.b4 Nce6 13.Qa4+ Kf7 14.Nxd4 Nxd4 15.f3 Bf5
16.Rc1 a5 17.c5 Bc2 18.Bc4+ Ke7 19.Nb3 b5 20.Nxd4 Bxa4 21.Nc6+ Kd7 22.Nxd8 bxc4
23.Nf7 Rg8 24.Rxc4 Bb5 25.Rc2 axb4 26.Kf2 Ke6 27.Nd6 Bc6 28.Rd1 Ba4 29.Rdd2 Bxc2
30.Rxc2 Bxd6 31.cxd6 Kxd6 32.Ke2 Rgc8 33.Rb2 Ra4 34.Be1 Rc4 35.Kd3 Kd5 36.h5 Rd4+
37.Ke3 Kc5 38.Rc2+ Kb6 39.Bf2 Rd7 40.Ke4+ Kb5 41.Kf5 b3 42.axb3 Rf4+ 43.Ke6 Rb7
44.Be3 Rh4 45.h6 e4 46.hxg7 Rxg7 47.Kxf6 Rg6+ 48.Kf5 exf3 49.gxf3 Rh3 50.Rf2 Kb4
51.Bg5 Kxb3 52.f4 Ra6 53.Kg4 Rh1 54.Rd2 h5+ 55.Kg3 Kc4 56.Rd8 Ra2 57.f5 Rg1+
58.Kf4 Rf2+ 59.Ke3 Rxf5 60.Bh4 Rg4 61.Bf2 Rg6 62.Bh4 Re6+ 63.Kd2 Rd5+  0-1

[Event "Bundesliga 1999-2000"]
[Site "Godesberg GER"]
[Date "2000.03.12"]
[Round "12"]
[White "Schmidt,Bo"]
[Black "Gross,Dav GER"]
[Result "0-1"]
[WhiteElo "2383"]
[BlackElo "2465"]

1.d4 Nf6 2.Bg5 Ne4 3.Bf4 c5 4.f3 Qa5+ 5.c3 Nf6 6.Nd2 cxd4 7.Nb3 Qd8 8.cxd4 d5
9.e3 e6 10.Bd3 Bb4+ 11.Kf2 O-O 12.Qc2 Nc6 13.a3 Bd6 14.Bxd6 Qxd6 15.Qc5 Qb8
16.Ne2 Bd7 17.Qc2 Rc8 18.Nc5 Be8 19.Rac1 b6 20.Ba6 bxc5 21.Bxc8 Qxc8 22.dxc5 a5
23.b3 e5 24.Rb1 Rb8 25.Ng3 g6 26.Qd2 Rb5 27.Rhc1 Qb7 28.Qd3 Bd7 29.Rb2 Be6
30.a4 Rb4 31.Qc2 d4 32.Ne4 Nxe4+ 33.Qxe4 Bf5 34.Qd5 dxe3+ 35.Kxe3 Rd4  0-1

[Event "Dos Hermanas Qualifier"]
[Site "Internet ICC"]
[Date "2000.03.18"]
[Round "1.1"]
[White "Gershon,A"]
[Black "Anagnostopoulos,D"]
[Result "1/2-1/2"]
[WhiteElo "2471"]
[BlackElo "2459"]

1.d4 Nf6 2.Bg5 Ne4 3.Bf4 c5 4.d5 Qb6 5.Bc1 d6 6.f3 Nf6 7.c4 g6 8.Nc3 Bg7
9.e4 O-O 10.a4 e6 11.Nge2 exd5 12.cxd5 Na6 13.Ng3 Nb4 14.Bc4 h5 15.O-O h4
16.Nge2 Nh7 17.Kh1 Qd8 18.Nf4 Bd7 19.Be3 Qe7 20.Qd2 Kh8 21.Rae1 Be5 22.Nfe2 Bg7
23.Bh6 a6 24.Bxg7+ Kxg7 25.f4 Rab8 26.a5 Rbe8 27.Ng1 Qd8 28.e5 Bf5 29.Nf3 h3
30.gxh3 Qxa5 31.Nh4 Bxh3 32.Rg1 b5 33.f5 bxc4 34.f6+ Kh8 35.Qh6 Rg8 36.Nxg6+ fxg6
37.f7 Nd3 38.Rxg6 Nf2+ 39.Kg1 Rxg6+ 40.Qxg6 Rf8 41.e6 Bxe6 42.dxe6 Nh3+ 43.Kf1 Nf4
44.Qf5 Nxe6 45.Rxe6 Qa1+ 46.Re1 Qxb2 47.Ne4 Qd4 48.Re2 d5 49.Nd6 Qf6 50.Qxf6+ Nxf6
51.Rf2 Ne4 52.Nxe4 dxe4 53.Ke2 Kg7 54.Rf5 Rxf7 55.Rxc5 Kf6 56.Ke3 Re7 57.Rxc4 Kf5
58.Rc5+ Kg4 59.Rc6 a5 60.Rc5 a4 61.Ra5 Kh3 62.Rxa4  1/2-1/2

[Event "16th Spring Festival"]
[Site "Budapest HUN"]
[Date "2000.03.20"]
[Round "4"]
[White "Galyas,M"]
[Black "Gonda,L"]
[Result "1-0"]
[WhiteElo "2440"]
[BlackElo "2155"]

1.d4 Nf6 2.Bg5 Ne4 3.Bf4 d5 4.f3 Nf6 5.e4 dxe4 6.Nc3 a6 7.fxe4 c5 8.dxc5 Qa5
9.Qd2 Nc6 10.Nd5 Qxd2+ 11.Bxd2 Nxd5 12.exd5 Ne5 13.Nf3 Nxf3+ 14.gxf3 Bf5
15.c3 g6 16.Bc4 Bg7 17.O-O e6 18.d6 Kd7 19.Be3 Rhc8 20.Bb3 Bd3 21.Rfd1 Bb5
22.Bc2 Bc6 23.Be4 Bf6 24.Bd4 e5 25.Be3 Bg7 26.b4 f5 27.Bd5 e4 28.Bxc6+ Kxc6
29.Bd4 Bxd4+ 30.Rxd4 exf3 31.Rf1 a5 32.a3 axb4 33.axb4 Ra3 34.Rxf3 b6 35.cxb6 Kxb6
36.Rfd3 Rb3 37.Kf2 Kc6 38.Rc4+ Kd7 39.Rxc8 Kxc8 40.Ke3 Kd7 41.Kd4 Ra3 42.Kc5 f4
43.b5 g5 44.Kb4 Ra1 45.c4 f3 46.Rxf3 Kxd6 47.c5+ Kd5  1-0

[Event "US Amateur Team East"]
[Site "Parsippany, NJ USA"]
[Date "2000.03.20"]
[Round "4"]
[White "Cunningham,R"]
[Black "Radomskyj,P"]
[Result "1/2-1/2"]
[WhiteElo "2297"]
[BlackElo "2248"]

1.d4 Nf6 2.Bg5 Ne4 3.Bf4 d5 4.e3 Bf5 5.f3 Nf6 6.g4 Bc8 7.Bd3 e6 8.Ne2 c5
9.c3 Nc6 10.Nd2 Bd6 11.g5 Bxf4 12.Nxf4 Nd7 13.h4 cxd4 14.cxd4 O-O 15.a3 e5
16.Nxd5 exd4 17.e4 f5 18.gxf6 Nxf6 19.Nxf6+ Qxf6 20.Qe2 Be6 21.O-O-O Rac8
22.Kb1 Ne5 23.Rdf1 Qf4 24.Re1 Rfd8 25.Ka1 Qe3 26.Bb1 Qxe2 27.Rxe2 Rf8 28.Rf2 Rf4
29.Rg1 Rcf8 30.Rfg2 R8f7 31.Rg5 Nxf3 32.Nxf3 Rxf3 33.Re5 Bc4 34.Rc1 b5 35.Ba2 Bxa2
36.Kxa2 Rd7 37.Rxb5 d3 38.Rd1 Re3 39.Rd5 Rxd5 40.exd5 Kf7 41.Kb3 Ke7 42.Kc3 Kd6
43.Rg1 g6 44.h5 gxh5 45.Rh1 Re5 46.Kxd3 Rxd5+ 47.Ke4 h6 48.b4 Rg5 49.Rd1+ Kc7
50.Rf1 Rg6  1/2-1/2

[Event "16th Spring Festival"]
[Site "Budapest HUN"]
[Date "2000.03.22"]
[Round "6"]
[White "Galyas,M"]
[Black "Rozsnyai,T"]
[Result "1-0"]
[WhiteElo "2440"]
[BlackElo "2133"]

1.d4 Nf6 2.Bg5 Ne4 3.Bf4 c5 4.d5 Qb6 5.Nd2 Qxb2 6.Nxe4 Qb4+ 7.Qd2 Qxe4 8.e3 e5
9.dxe6 Qxe6 10.Ne2 b6 11.Nc3 Bb7 12.Nb5 Na6 13.Rd1 Be7 14.Bd6 Bc6 15.Bxe7 Kxe7
16.Nd6 Nc7 17.Bc4 Qf6 18.O-O Ne6 19.e4 Rhd8 20.f4 Qd4+ 21.Qxd4 Nxd4 22.Nxf7 b5
23.Nxd8 Rxd8 24.Bd3 c4 25.c3 cxd3 26.cxd4 Bxe4 27.Rfe1 d5 28.Rxd3 Rc8 29.Rd2 a5
30.Kf2 Rc3 31.Re3 b4 32.Rxc3 bxc3 33.Rd1 h5 34.Ke3 Kf6 35.g3 Kf5 36.h3 Ke6
37.Rc1 c2 38.Kd2 Kf5 39.Re1 g6 40.Re3 h4 41.gxh4 Kxf4 42.Ra3 a4 43.Rxa4 Bd3
44.Rb4 Ke4 45.a4 Bc4 46.a5 Kxd4 47.a6 Kc5 48.Rxc4+  1-0

[Event "16th Spring Festival"]
[Site "Budapest HUN"]
[Date "2000.03.25"]
[Round "9"]
[White "Galyas,M"]
[Black "Csapo,Z"]
[Result "1-0"]
[WhiteElo "2440"]
[BlackElo "2250"]

1.d4 Nf6 2.Bg5 Ne4 3.h4 c5 4.dxc5 Qc7 5.Nd2 Nxg5 6.hxg5 Qe5 7.b4 Nc6 8.Ngf3 Qc3
9.a3 g6 10.Rb1 Qxa3 11.Rh4 Bg7 12.Rb3 Qa2 13.Nc4 d5 14.Ra3 Qxc4 15.Rxc4 dxc4
16.b5 Bb2 17.Re3 Nd8 18.c3 O-O 19.Nd2 Ba3 20.Ne4 Ne6 21.Qa1 Bxc5 22.Nxc5 Nxc5
23.Qa3 b6 24.Rxe7 a5 25.g3 Be6 26.Bg2 Rad8 27.Rc7 Bd5 28.Rxc5 Bxg2 29.Rxc4 Rd5
30.f3 Rxg5 31.Qd6 Rxb5 32.Rh4 Re8 33.Kf2 Rb2 34.Kxg2 Rexe2+ 35.Kh3 h5 36.g4 Re1
37.Qd8+ Kg7 38.Qd4+ f6 39.g5 Kh7 40.Qd7+  1-0

[Event "AUT Staatsliga Qualifier"]
[Site "Linz AUT"]
[Date "2000.03.31"]
[Round "1"]
[White "Casagrande,H"]
[Black "Gerhold,M"]
[Result "1/2-1/2"]
[WhiteElo "2368"]
[BlackElo "2212"]

1.d4 Nf6 2.Bg5 Ne4 3.h4 c5 4.dxc5 Qa5+ 5.Nd2 h6 6.Bf4 e5 7.Be3 Nxc5 8.c3 Qc7
9.Bxc5 Bxc5 10.b4 Be7 11.e4 O-O 12.Rc1 a5 13.a3 d6 14.Bc4 Nd7 15.Ngf3 Nb6
16.Bb3 Rd8 17.Ng5 d5 18.Nxf7 Kxf7 19.exd5 Kf8 20.Ne4 Nc4 21.Qf3+ Kg8 22.d6 Bxd6
23.Nc5 Bxc5 24.Bxc4+ Kh8 25.bxc5 Qxc5  1/2-1/2

[Event "Frisco Masters"]
[Site "San Francisco USA"]
[Date "2000.04.01"]
[Round "2"]
[White "Rey,G"]
[Black "Wong,R"]
[Result "1-0"]
[WhiteElo "2359"]
[BlackElo "2061"]

1.d4 Nf6 2.Bg5 Ne4 3.Bf4 d5 4.e3 c5 5.Bd3 Nc6 6.Bxe4 dxe4 7.d5 Nb4 8.Nc3 e6
9.d6 f5 10.f3 Nc6 11.fxe4 fxe4 12.Qh5+ g6 13.Qxc5 e5 14.Bxe5 Qg5 15.Bd4 Qxg2
16.O-O-O Qxh1 17.Bxh8 Bd7 18.Nb5 Bg4 19.d7+ Kf7 20.Qc4+ Ke7 21.Qc5+ Kf7 22.Qd5+ Ke7
23.Qg5+  1-0

[Event "Frisco Masters"]
[Site "San Francisco USA"]
[Date "2000.04.03"]
[Round "7"]
[White "Rey,G"]
[Black "Reizniece,D"]
[Result "1-0"]
[WhiteElo "2359"]
[BlackElo "2259"]

1.d4 Nf6 2.Bg5 Ne4 3.Bf4 c5 4.f3 Qa5+ 5.c3 Nf6 6.d5 Qb6 7.b3 e6 8.e4 exd5
9.exd5 Bd6 10.Bg5 O-O 11.Bxf6 Re8+ 12.Ne2 gxf6 13.Nd2 Qc7 14.Ne4 Be5 15.Qd2 f5
16.Qg5+ Kh8 17.Qxf5 d6 18.Qh5 Qe7 19.O-O-O f5 20.Ng5 Rf8 21.f4 Bf6 22.Rd3 b5
23.Rh3 Bxg5 24.Qxg5 Qf7 25.Qh6 Qe7 26.Ng3 Nd7 27.Bd3 Nf6 28.Nxf5 Bxf5 29.Bxf5 Nxd5
30.Bxh7 Qg7 31.Be4+  1-0

[Event "73rd City-ch"]
[Site "St Petersburg RUS"]
[Date "2000.04.03"]
[Round "1"]
[White "Chepukaitis,G"]
[Black "Lugovoi,A"]
[Result "0-1"]
[WhiteElo "2393"]
[BlackElo "2515"]

1.d4 Nf6 2.Bg5 Ne4 3.Bh4 g5 4.f3 gxh4 5.fxe4 d5 6.exd5 Qxd5 7.Nc3 Qa5 8.e3 Bh6
9.Kf2 Nd7 10.Nf3 Nf6 11.Ne5 Be6 12.a3 O-O-O 13.b4 Qxe5 14.dxe5 Rxd1 15.Nxd1 Ng4+
16.Ke1 Bg7 17.Be2 Bxe5 18.Bxg4 Bxg4 19.Rc1 Rg8 20.Nf2 Bc3+ 21.Kf1 Be6 22.Ne4 h3
23.gxh3 Bd5 24.Nxc3 Bxh1 25.Ne2 Bg2+ 26.Kf2 Bxh3 27.Nf4 Bd7 28.e4 c6 29.Ke3 Kc7
30.Rf1 f6 31.c4 Rg5 32.c5 b6 33.cxb6+ axb6 34.a4 Re5 35.Nd3 Rh5 36.Rf2 Rh3+
37.Kd2 Bc8 38.a5 Ba6 39.axb6+ Kxb6 40.Nc5 Bc4 41.e5 fxe5 42.Nd7+ Kb5 43.Nxe5 Bd5
44.Nd3 h6 45.Rf8 Rxh2+ 46.Kc3 Kb6 47.Nc5 Rh3+ 48.Kd4 Rh4+ 49.Ke5 Rxb4 50.Nd7+ Kc7
51.Nc5 Rc4 52.Na6+ Kb7 53.Nb8 h5 54.Rh8 h4 55.Nd7 Bg2 56.Nf8 h3 57.Ng6 Re4+
58.Kf5 e6+ 59.Kf6 c5 60.Ne5 c4  0-1

[Event "19th Open"]
[Site "Reykjavik ISL"]
[Date "2000.04.05"]
[Round "1"]
[White "Einarsson,E"]
[Black "McShane,L"]
[Result "0-1"]
[WhiteElo "2111"]
[BlackElo "2438"]

1.d4 Nf6 2.Bg5 Ne4 3.Bh4 c5 4.f3 g5 5.fxe4 gxh4 6.e3 Bh6 7.Kf2 cxd4 8.exd4 Nc6
9.Nf3 d6 10.Bb5 Bg4 11.Nc3 a6 12.Bxc6+ bxc6 13.Qd3 h3 14.gxh3 Bh5 15.Ne2 Qa5
16.Qc3 Qxc3 17.bxc3 Bg6 18.Ng3 Rb8 19.Rab1 Kd7 20.Rb3 f6 21.Rhb1 Kc7 22.c4 Bf4
23.Ne2 Bh6 24.Ng3 e6 25.Ne1 Bf4 26.Nd3 Rxb3 27.Rxb3 Bg5 28.c5 d5 29.Rb6 a5
30.Kf3 Rd8 31.h4 dxe4+ 32.Nxe4 Bxh4 33.Nf4 Bf5 34.c3 e5 35.Ng2 Bg5 36.Ne3 Bxe3
37.Kxe3 exd4+ 38.Kf4 Bxe4 39.Kxe4 dxc3 40.Rb3 c2  0-1

[Event "73rd City-ch"]
[Site "St Petersburg RUS"]
[Date "2000.04.05"]
[Round "3"]
[White "Chepukaitis,G"]
[Black "Yemelin,V"]
[Result "1-0"]
[WhiteElo "2393"]
[BlackElo "2540"]

1.d4 Nf6 2.Bg5 Ne4 3.Bh4 c5 4.f3 Nf6 5.d5 Qb6 6.e4 Qxb2 7.Nd2 g6 8.Rb1 Qc3
9.Ne2 Qa5 10.a4 d6 11.c3 Bg7 12.Nc4 Qd8 13.g4 O-O 14.Bg3 b6 15.h4 h5 16.g5 Ne8
17.Ne3 Nd7 18.f4 c4 19.Bg2 Nc5 20.O-O Bd7 21.Ra1 b5 22.axb5 Bxb5 23.Nd4 Qb6
24.Rb1 Nb3 25.e5 a5 26.Bf2 Qa6 27.Nc6 Bxc6 28.dxc6 dxe5 29.f5 Nc7 30.Qc2 e4
31.Bxe4 Rad8 32.Rfd1 Rxd1+ 33.Rxd1 Nc5 34.fxg6 fxg6 35.Nd5 Nxd5 36.Bxd5+ e6
37.Bxc5 exd5 38.Bxf8  1-0

[Event "73rd City-ch"]
[Site "St Petersburg RUS"]
[Date "2000.04.07"]
[Round "5"]
[White "Chepukaitis,G"]
[Black "Loginov,Va"]
[Result "0-1"]
[WhiteElo "2393"]
[BlackElo "2512"]

1.d4 Nf6 2.Bg5 Ne4 3.Bh4 c5 4.f3 g5 5.fxe4 gxh4 6.e3 Bh6 7.Kf2 cxd4 8.exd4 Qb6
9.Nc3 e6 10.Nf3 Nc6 11.Bb5 d6 12.Bxc6+ bxc6 13.Na4 Qa5 14.b3 h3 15.g3 O-O
16.Qe1 Qh5 17.g4 Qg6 18.g5 Bg7 19.e5 c5 20.c3 cxd4 21.cxd4 Bb7 22.Qe3 dxe5
23.dxe5 Rad8 24.Rad1 Bxf3 25.Qxf3 Qxg5 26.Rhe1 Rxd1 27.Rxd1 Qxe5 28.Qxh3 Rc8
29.Kg1 Qe2 30.Qd3 Qxd3 31.Rxd3 Rc2 32.a3 f5 33.b4 Bf8 34.Rd7 a6 35.Ra7 Rc6
36.Kg2 e5 37.Rb7 e4 38.Nb6 Rc2+ 39.Kf1 Bh6 40.h4 Rc1+ 41.Ke2 f4 42.Nd5 f3+
43.Kf2 Rc2+ 44.Kg3 Rg2+ 45.Kh3 e3 46.Rd7 Kf8 47.Nf6 Bg7 48.Nxh7+ Kg8 49.Ng5 Rxg5
50.hxg5 e2  0-1

[Event "Estonian Club Cup 2nd leg"]
[Site "Tallinn EST"]
[Date "2000.04.07"]
[Round "?"]
[White "Kanep,M"]
[Black "Keskel,M"]
[Result "1-0"]
[WhiteElo "2222"]
[BlackElo "2147"]

1.d4 Nf6 2.Bg5 Ne4 3.Bf4 c5 4.f3 Qa5+ 5.c3 Nf6 6.d5 Qb6 7.Bc1 e6 8.c4 d6
9.Nc3 Be7 10.e4 O-O 11.Bd3 Nbd7 12.f4 Re8 13.Nf3 Qc7 14.O-O g6 15.e5 Nh5
16.Nb5 Qb8 17.dxe6 fxe6 18.exd6 Bxd6 19.Bxg6 hxg6 20.Qxd6 Qxd6 21.Nxd6 Rf8
22.Ne5 Nxe5 23.fxe5 Rxf1+ 24.Kxf1 b6 25.g4 Ng7 26.Nxc8 Rxc8 27.Bg5 Kf7 28.Ke2 Ne8
29.h4 a6 30.Rd1 Rc7 31.Bh6 Re7 32.Rf1+ Kg8 33.Rf8+  1-0

[Event "Bundesliga 1999-2000"]
[Site "Delmenhorst GER"]
[Date "2000.04.09"]
[Round "15"]
[White "Hodgson,Ju"]
[Black "Hertneck,G"]
[Result "1-0"]
[WhiteElo "2625"]
[BlackElo "2571"]

1.d4 Nf6 2.Bg5 Ne4 3.Bf4 d5 4.e3 Bf5 5.f3 Nd6 6.Nd2 e6 7.c4 dxc4 8.Nxc4 Nd7
9.Rc1 Nxc4 10.Bxc4 Bd6 11.Ne2 O-O 12.e4 Bg6 13.O-O e5 14.dxe5 Bxe5 15.Qb3 Bxf4
16.Nxf4 Nb6 17.Qe3 Nxc4 18.Rxc4 c6 19.Rd4 Qb6 20.Qf2 f6 21.Rd7 Qxf2+ 22.Kxf2 Bf7
23.Rxb7 Bxa2 24.Ra1 Bc4 25.Rc1 Rf7 26.Rxf7 Bxf7 27.Rxc6 a5 28.Rb6 a4 29.Nd5 Bxd5
30.exd5 a3 31.bxa3 Rxa3 32.Rb8+ Kf7 33.Rb7+ Kg6 34.g4 Rd3 35.Rd7 h5 36.Ke2 Rd4
37.Ke3 Rd1 38.h4 hxg4 39.fxg4 Rh1 40.h5+ Kh6 41.Kd4 Rg1 42.Kc5 Rxg4 43.Rd8 Rg1
44.Rh8+ Kg5 45.d6 Rc1+ 46.Kd5 Rd1+ 47.Ke6 Re1+ 48.Kf7 Rd1 49.Ke7 Re1+ 50.Kd8 Ra1
51.Rf8 Kxh5 52.d7 Kg4 53.Ke7 Rd1 54.d8=Q Rxd8 55.Rxd8 f5 56.Ke6 f4 57.Ke5  1-0

[Event "Bundesliga 1999-2000"]
[Site "Delmenhorst GER"]
[Date "2000.04.09"]
[Round "15"]
[White "Breutigam,M"]
[Black "Klundt,K"]
[Result "1-0"]
[WhiteElo "2343"]
[BlackElo "2398"]

1.d4 Nf6 2.Bg5 Ne4 3.h4 h6 4.Bf4 d5 5.e3 c5 6.Bd3 Qb6 7.Bxe4 dxe4 8.Nc3 e6
9.Nxe4 Qxb2 10.Ne2 Nc6 11.O-O cxd4 12.exd4 Be7 13.Nd6+ Kf8 14.Rb1 Qxa2 15.c4 Bxh4
16.d5 exd5 17.Nc3 Qa5 18.Qh5 g6 19.Qxh4 Qxc3 20.Bxh6+ Kg8 21.cxd5 Qd4 22.Ne4 f5
23.dxc6 Qxe4 24.Qg5 Qxc6 25.Rfc1 Qe8 26.Re1 Be6 27.Rxb7 Rh7 28.Rxh7 Kxh7
29.Qh4 Rc8 30.Be3+ Kg8 31.Bd4  1-0

[Event "73rd City-ch"]
[Site "St Petersburg RUS"]
[Date "2000.04.09"]
[Round "7"]
[White "Chepukaitis,G"]
[Black "Sivokho,S"]
[Result "1-0"]
[WhiteElo "2393"]
[BlackElo "2436"]

1.d4 Nf6 2.Bg5 Ne4 3.Bh4 g5 4.f3 gxh4 5.fxe4 c5 6.e3 Bh6 7.Kf2 cxd4 8.exd4 Qb6
9.Nc3 e6 10.Nf3 Nc6 11.Bb5 d6 12.Bxc6+ bxc6 13.Na4 Qa5 14.b3 h3 15.gxh3 Qh5
16.Rg1 Qxh3 17.Qd3 Bb7 18.Rg3 Qh5 19.Rag1 O-O-O 20.Rg4 Qa5 21.Rh4 Bf8 22.Rg5 Qc7
23.Rhh5 h6 24.Rg3 Kb8 25.c4 c5 26.Nc3 a6 27.Qe3 Rh7 28.d5 Bg7 29.Qd3 f5 30.exf5 Bxc3
31.Qxc3 exd5 32.cxd5 Qf7 33.Rgh3 Qxd5 34.Qd2 Qe4 35.f6 d5 36.R3h4 Qe6 37.Qf4+ Ka8
38.Re5 Qd6 39.Re8 Ka7 40.Rxd8 Qxd8 41.Rxh6 Rd7 42.Ne5 Qc7 43.Kg3 Rd8 44.f7 Qa5
45.f8=Q Rxf8 46.Qxf8 Qe1+ 47.Kg4 Qxe5 48.Qxc5+ Ka8 49.Qf8+ Ka7 50.Qf4 Qg7+
51.Kh5 Qc3 52.Kg5 Qc5 53.Rd6 Qg1+ 54.Kf6 Qa1+ 55.Qe5 Qxa2 56.Qe3+ Kb8 57.Rd8+ Kc7
58.Qe7+ Kb6 59.Qb4+  1-0

[Event "19th Open"]
[Site "Reykjavik ISL"]
[Date "2000.04.11"]
[Round "7"]
[White "Einarsson,E"]
[Black "Schulz,M1"]
[Result "0-1"]
[WhiteElo "2111"]
[BlackElo "2224"]

1.d4 Nf6 2.Bg5 Ne4 3.Bh4 c5 4.f3 Nf6 5.c3 Qb6 6.Qd2 d5 7.dxc5 Qxc5 8.Bf2 Qc7
9.Na3 a6 10.g4 e6 11.Bg3 Qa5 12.Nc2 Nc6 13.e3 e5 14.c4 Qxd2+ 15.Kxd2 Be6
16.g5 Nh5 17.cxd5 Bxd5 18.e4 Be6 19.Bh3 Be7 20.Bxe6 fxe6 21.Nh3 O-O 22.Ke2 Bc5
23.Nf2 Be7 24.Nh3 Rac8 25.Rac1 Nf4+ 26.Bxf4 exf4 27.Rhd1 Rc7 28.Ne1 e5 29.Nd3 Rfc8
30.a3 Kf7 31.Rc3 Nd4+ 32.Kf2 Rxc3 33.Nxe5+ Ke6 34.bxc3 Rxc3 35.Nd3 Rc2+ 36.Kf1 Nxf3
37.Ndxf4+ Ke5 38.Nd5 Bc5 39.Nb4 Nxh2+ 40.Ke1 Bxb4+ 41.axb4 Nf3+ 42.Kf1 Nd2+
43.Ke1 Nxe4 44.Rd7 Rh2 45.Ng1 Rb2 46.Nf3+ Kf4 47.Nd4 Rxb4 48.Ne6+ Ke3 49.Kd1 Rb6
50.Re7 Rd6+ 51.Kc1 Rc6+ 52.Kb2 Kd2 53.Nd4 Rb6+ 54.Nb3+ Kd3 55.Rd7+ Ke3 56.Re7 Kf4
57.Ka3 Nxg5 58.Rxg7 h5  0-1

[Event "Open"]
[Site "Dos Hermanas ESP"]
[Date "2000.04.14"]
[Round "8"]
[White "Miladinovic,I"]
[Black "Matamoros Franco,C"]
[Result "1/2-1/2"]
[WhiteElo "2538"]
[BlackElo "2492"]

1.d4 Nf6 2.Bg5 Ne4 3.Bf4 c5 4.f3 Qa5+ 5.c3 Nf6 6.Nd2 cxd4 7.Nb3 Qb6 8.Qxd4 Nc6
9.Qxb6 axb6 10.Be3 b5 11.Nd4 Nxd4 12.Bxd4 d6 13.e4 Bd7 14.Bxf6 gxf6 15.Ne2 e6
16.a3 d5 17.exd5 b4 18.dxe6 fxe6 19.cxb4 Bxb4+ 20.Nc3 Rg8 21.Rc1 Ba5 22.g3 h5
23.Bd3 f5 24.Kf2 Ke7 25.Rhd1 Rad8 26.Kg2 Kf6 27.Bc4 h4 28.Ne2 Bc7 29.Rd4 hxg3
30.hxg3 Be5 31.Rh4 Bc6 32.Rh6+ Rg6 33.Rxg6+ Kxg6 34.Rc2 Kf6 35.Kf2 Rh8 36.Bd3 Bb8
37.b4 Rh2+ 38.Kg1 Rh8 39.Kg2 Rg8 40.b5 Bd5 41.Kf2  1/2-1/2

[Event "ch-DEN"]
[Site "Aalborg DEN"]
[Date "2000.04.23"]
[Round "8"]
[White "Berg,K"]
[Black "Mortensen,E"]
[Result "0-1"]
[WhiteElo "2419"]
[BlackElo "2447"]

1.d4 Nf6 2.Bg5 Ne4 3.Bf4 c5 4.f3 Nf6 5.dxc5 Qa5+ 6.Nc3 Qxc5 7.e4 d6 8.Qd2 a6
9.O-O-O Nbd7 10.Nh3 e5 11.Be3 Qc7 12.Nf2 Nb6 13.g4 Be6 14.Bxb6 Qxb6 15.g5 Nh5
16.Bh3 Nf4 17.Bg4 Be7 18.h4 h6 19.gxh6 Rxh6 20.Bxe6 fxe6 21.Ng4 Rh8 22.Kb1 O-O-O
23.Ne3 Kb8 24.Rdg1 Bf6 25.Qe1 Rc8 26.Ng4 Be7 27.Qe3 Qc7 28.Qf2 d5 29.exd5 Bc5
30.Ne3 exd5 31.Na4 Bxe3 32.Qxe3 Qxc2+ 33.Ka1 Qxa4 34.Qxe5+ Ka8 35.Rg4 Nd3
36.Qxg7 Nb4 37.a3 Nc2+ 38.Ka2 d4 39.Qf7 Rhf8 40.Qe6 Rfe8  0-1

[Event "Doeberl Cup"]
[Site "Canbarra AUS"]
[Date "2000.04.23"]
[Round "6"]
[White "Depasquale,C"]
[Black "Chapman,M AUS"]
[Result "1/2-1/2"]
[WhiteElo "2291"]
[BlackElo "2320"]

1.d4 Nf6 2.Bg5 Ne4 3.Bf4 c5 4.f3 Qa5+ 5.c3 Nf6 6.Nd2 cxd4 7.Nb3 Qb6 8.Qxd4 Nc6
9.Qxb6 axb6 10.Nd4 d5 11.e3 e5 12.Nxc6 exf4 13.Nd4 fxe3 14.Ke2 Bc5 15.Kxe3 Bd7
16.Bd3 Kd8 17.Ne2 Ne8 18.Kd2 Nc7 19.Bc2 Ne6 20.Bb3 Bc6 21.Rhe1 Re8 22.Rad1 Kc7
23.Kc1 Rad8 24.Bc2 g6 25.Kb1 Rd7 26.b4 Nxd4 27.Nxd4 Rxe1 28.Rxe1 Re7 29.Rxe7+ Bxe7
30.f4 Bf6 31.Kc1 Kd6 32.Kd2 Bd7 33.Ke3 h6 34.Bd1 g5 35.fxg5 hxg5 36.Bh5 Ke7
37.Bf3  1/2-1/2

[Event "ch-BC"]
[Site "Vancouver CAN"]
[Date "2000.04.23"]
[Round "7"]
[White "Herder,D"]
[Black "Pechisker,A"]
[Result "1-0"]
[WhiteElo "2263"]
[BlackElo "2035"]

1.d4 Nf6 2.Bg5 Ne4 3.Bf4 d5 4.f3 Nf6 5.Nc3 c5 6.e4 cxd4 7.Qxd4 dxe4 8.Qxd8+ Kxd8
9.O-O-O+ Bd7 10.Bc4 e6 11.Nxe4 Nxe4 12.fxe4 Bc5 13.Bxb8  1-0

[Event "4NCL"]
[Site "Birmingham ENG"]
[Date "2000.04.29"]
[Round "9"]
[White "Dunworth,C"]
[Black "Tebb,D"]
[Result "1-0"]
[WhiteElo "2307"]
[BlackElo "2272"]

1.d4 Nf6 2.Bg5 Ne4 3.Bf4 c5 4.f3 Nf6 5.d5 d6 6.e4 g6 7.Nc3 Bg7 8.Qd2 O-O
9.g4 a6 10.a4 Re8 11.Nge2 Nbd7 12.Ng3 Ne5 13.Be2 e6 14.Bxe5 dxe5 15.g5 Nd7
16.dxe6 fxe6 17.a5 Qc7 18.Na4 Bf8 19.Nf1 Be7 20.h4 Bd8 21.Nc3 Nb8 22.Ne3 Nc6
23.Nc4 Kg7 24.Na4 Rb8 25.Nd6 Re7 26.Nb6 Bd7 27.h5 Nd4 28.Nbc4 Be8 29.Bd1 gxh5
30.Qh2 Bg6 31.Qxe5+ Kg8 32.f4 Qc6 33.c3 Nf5 34.Ba4 Qc7 35.O-O-O Nxd6 36.Rxd6 Qc8
37.Nb6 Bxb6 38.axb6 Qf8 39.Bb3 Bf7 40.Rhd1 Qg7 41.Rd8+ Rxd8 42.Rxd8+ Re8
43.Rxe8+ Bxe8 44.Bxe6+  1-0

[Event "3rd Open"]
[Site "Tanta City EGY"]
[Date "2000.05.04"]
[Round "2"]
[White "Rausis,I"]
[Black "El Arousy,A"]
[Result "1-0"]
[WhiteElo "2486"]
[BlackElo "2319"]

1.d4 Nf6 2.Bg5 Ne4 3.Bh4 d5 4.Nd2 Nd6 5.Ngf3 g6 6.e3 Bg7 7.c4 dxc4 8.Nxc4 O-O
9.Nxd6 cxd6 10.Be2 Nc6 11.O-O d5 12.Qb3 h6 13.Rac1 g5 14.Bg3 e6 15.Bb5 Bd7
16.h4 f6 17.Bd3 Qb6 18.Qd1 Rfc8 19.hxg5 hxg5 20.Rc3 Ne7 21.Rb3 Ba4 22.Rxb6 Bxd1
23.Rxe6 Bxf3 24.Rxe7 Be4 25.Bxe4 dxe4 26.Rxb7  1-0

[Event "New York Open"]
[Site "New York USA"]
[Date "2000.05.05"]
[Round "1"]
[White "Pixton,A"]
[Black "Becerra Rivero,J"]
[Result "0-1"]
[WhiteElo "2181"]
[BlackElo "2541"]

1.d4 Nf6 2.Bg5 Ne4 3.Bf4 c5 4.f3 Qa5+ 5.c3 Nf6 6.d5 Qb6 7.Bc1 g6 8.e4 d6
9.c4 Bg7 10.Nc3 O-O 11.Bd3 Nbd7 12.f4 e6 13.Nge2 exd5 14.exd5 Re8 15.h3 Nf8
16.O-O Bd7 17.Qc2 h6 18.Bd2 Re7 19.Rae1 Rae8 20.Ng3 a6 21.Kh1 N8h7 22.Rxe7 Rxe7
23.Re1 Qd8 24.Rxe7 Qxe7 25.Qb3 Bc8 26.Qb6 Ne8 27.Kh2 Nhf6 28.a3 Ng4+ 29.hxg4 Qh4+
30.Kg1 Bd4+ 31.Kf1 Qxg3 32.Ke2 Bxg4+  0-1